00768nam a2200241 a 4500001001300000003000900013005001700022008004100039020001000080082001600090100002400106245008400130260004300214300000900257500003500266650002200301650003000323700002400353902000800377942000700385952011700392999001700509nice12345678IN_TiNIC20260116013525.0070607s1994 boma grp 000 0 eng  ac37500a491.43bKIN aKing, Christopher R aOne Language, Two Scriptsb The Hindi Movement in Ninteenth Century North India aBombay bOxford University Pressc1994 a232p aincludes index and biblioraphy aUrdu-Hindi-Script aBritish-India Communalism1 aKing, Christopher R bSRS cBK 001040708StackRoom-aHMIbHMId2007-06-07g375.00l0o491.43 KINp016989r2007-06-07v375.00w2007-06-07yBK c11322d11322